|
|
|
|
| LEADER |
02100nam a2200433Ia 4500 |
| 001 |
EBC265937 |
| 003 |
MiAaPQ |
| 005 |
20200520144314.0 |
| 006 |
m o d | |
| 007 |
cr cn||||||||| |
| 008 |
050805s2005 ne a sb 101 0 eng d |
| 020 |
|
|
|z 1586035177 (cased)
|
| 035 |
|
|
|a (MiAaPQ)EBC265937
|
| 035 |
|
|
|a (Au-PeEL)EBL265937
|
| 035 |
|
|
|a (CaPaEBR)ebr10130656
|
| 035 |
|
|
|a (CaONFJC)MIL50484
|
| 035 |
|
|
|a (OCoLC)290475377
|
| 040 |
|
|
|a MiAaPQ
|c MiAaPQ
|d MiAaPQ
|
| 050 |
|
4 |
|a Q127.E8
|b .N38 2005
|
| 082 |
0 |
4 |
|a 338.943
|2 22
|
| 111 |
2 |
|
|a NATO Advanced Training Course on Modernisation of Science Policy and Management Approaches on Central and South East Europe
|d (2003 :
|c Ljubljana, Slovenia)
|
| 245 |
1 |
0 |
|a Modernisation of science policy and management approaches in Central and South East Europe
|h [electronic resource] /
|c edited by Edvard Kobal and Slavo Radosevic.
|
| 260 |
|
|
|a Amsterdam ;
|a Oxford :
|b IOS Press,
|c c2005.
|
| 300 |
|
|
|a xvi, 199 p. :
|b ill.
|
| 490 |
1 |
|
|a NATO science series. Series V, Science and technology policy,
|x 1387-6708 ;
|v v. 48
|
| 504 |
|
|
|a Includes bibliographical references and index.
|
| 533 |
|
|
|a Electronic reproduction. Ann Arbor, MI : ProQuest, 2015. Available via World Wide Web. Access may be limited to ProQuest affiliated libraries.
|
| 650 |
|
0 |
|a Science and state
|x Economic aspects
|z Europe, Central
|v Congresses.
|
| 650 |
|
0 |
|a Science and state
|x Economic aspects
|z Europe, Southern
|v Congresses.
|
| 650 |
|
0 |
|a Science and state
|x Social aspects
|z Europe, Southern
|v Congresses.
|
| 650 |
|
0 |
|a Science and state
|x Social aspects
|z Europe, Central
|v Congresses.
|
| 650 |
|
0 |
|a Science and state
|x Economic aspects
|z Europe, Eastern
|v Congresses.
|
| 650 |
|
0 |
|a Science and state
|x Social aspects
|z Europe, Eastern
|v Congresses.
|
| 655 |
|
4 |
|a Electronic books.
|
| 700 |
1 |
|
|a Kobal, Edvard.
|
| 700 |
1 |
|
|a Radosevic, Slavo,
|d 1955-
|
| 710 |
2 |
|
|a ProQuest (Firm)
|
| 830 |
|
0 |
|a NATO science series.
|n Series V,
|p Science and technology policy ;
|v v. 48.
|
| 856 |
4 |
0 |
|u https://ebookcentral.proquest.com/lib/matrademy/detail.action?docID=265937
|z Click to View
|